000 00917cam a2200265 a 4500
001 000005267
005 20200929151627.0
008 990429s1998 sp a b 001 1 spa
020 _a843761662X
040 _aDO-SdBNP
_bspa
_cBNPHU
082 _a863.6
_bB644p
100 1 _aBlasco Ibáñez, Vicente,
_d1867-1928.
_915017
245 1 3 _aEl préstamo de la difunta y otros relatos /
_cVicente Blasco Ibáñez ; edición, José Mas y Ma. Teresa Mateu.
260 _aMadrid :
_bCátedra,
_c1998.
300 _a303 p. :
_bil. ;
_c18 cm.
490 1 _aLetras hispánicas
_v452
504 _aIncluye referencias bibliográficas (p. 59-62).
650 4 _aNovela española
_91123
650 4 _aLiteratura española
_9632
700 1 _aMas, José,
_eed.
_915019
700 1 _aMateu, Ma. Teresa,
_eed.
_q(María Teresa)
_915021
830 0 _aLetras hispánicas ;
_v452
_94208
910 _aCatalogación derivada
910 _aWM
999 _c5068
_d5068